banner-ar

العناية بالاذن / (Record no. 58546)

MARC details
000 -الفاتح
حقل البيانات ثابتة الطول 00733nam a2200253Ia 4500
008 - عناصر البيانات ثابتة الطول - معلومات عامة
حقل البيانات ثابتة الطول 140319s9999 xx 000 0 ara d
040 ## - مصدر الفهرسة
وكالة الفهرسة الأصلية GCL /
وكالة النسخ GCL
082 04 - رقم تصنيف ديوى العشرى
رقم التصنيف 611.84
رقم المادة ا ع
100 1# - المدخل الرئيسى - إسم شخصى
الإسم الشخصى مركز التعريب والبرمجة
245 10 - بيان العنوان
العنوان العناية بالاذن /
بيان المسئوليه,etc مركز التعريب والبرمجة
700 1# - المدخل الاضافى - اسم شخصى
الإسم الشخصى اولف رامسى
260 ## - PUBLICATION, DISTRIBUTION, ETC. (IMPRINT)
تاريخ النشر أو التوزيع 1992
300 ## - الوصف المادى
التعداد 100 ص
490 ## - بيان السلسلة
عنوان السلسلة السلسلة الصحية
رقم المجلد/ التعيين التسلسلي 0
650 04 - المدخل الاضافى بالموضوع-مصطلح موضوعى
مصطلح موضوعي الطب
650 04 - المدخل الاضافى بالموضوع-مصطلح موضوعى
مصطلح موضوعي الامراض
650 04 - المدخل الاضافى بالموضوع-مصطلح موضوعى
مصطلح موضوعي الصم
650 04 - المدخل الاضافى بالموضوع-مصطلح موضوعى
مصطلح موضوعي السمع
650 04 - المدخل الاضافى بالموضوع-مصطلح موضوعى
مصطلح موضوعي الصمم
650 04 - المدخل الاضافى بالموضوع-مصطلح موضوعى
مصطلح موضوعي الاذن
650 04 - المدخل الاضافى بالموضوع-مصطلح موضوعى
مصطلح موضوعي اوعية دموية
942 ## - عناصر المدخل الإضافي( كوها)
مصدر التصنيف او مخطط الترفيف Dewey Decimal Classification
Koha [default] item type كتاب
260 ## - PUBLICATION, DISTRIBUTION, ETC. (IMPRINT)
-- [S.N] :
-- الدار العربية للعلوم ،
Holdings
حالة التراجع حالة الفقد حالة تلف ليس للاعارة المكان المؤقت الموقع الحالى تاريخ الاكتساب اجمالي اﻻعارات رقم الطلب الباركود تاريخ اخر مشاهدة تاريخ تفعيل السعر نوع وعاء كوها
        مكتبة القاهرة الكبرى مكتبة القاهرة الكبرى 03/26/2014   611.84\ا ع 151848 03/26/2014 03/26/2014 كتاب
        مكتبة القاهرة الكبرى مكتبة القاهرة الكبرى 03/26/2014   611.84\ا ع 151849 03/26/2014 03/26/2014 كتاب

Powered By

EGPV